Statistics for My Favorite Jetpunk Quiz Authors

Click here to take the quiz!

General Stats

  • This quiz has been taken 31 times
  • The average score is 3 of 7

Answer Stats

ClueQuiz Author (Creator)% Correct
The Creator of JetpunkQuizmaster
89%
Me!bomber184
56%
Has the most plays on quizzes (As of right now)relessness
37%
A user that has about the most quizzesJerry928
33%
Has the second most plays for K userskalbahamut
33%
Great quizzes! In my opinion.CBTemple
15%
Almost to 300,000 plays, as of right now!ThirdParty
11%

Score Distribution

Percentile by Number Answered

Percent of People with Each Score

Your Score History

You have not taken this quiz